00713nam a2200181 a 450000100100000000500170001000800410002704000250006808200190009324501310011226000620024330000330030549000530033865000200039165000240041170000430043583000530047800002119020200930011246.0100901s1975 cu a r 000 0 spa d aDO-SdBNPbspacBNPHU aM863.44bR311t00aRecopilación de textos sobre la novela de la revolucin Mexicana /ccompilación y prólogo de Rogelio Rodríguez Coronel. aLa Habana :bCentro de Investigaciones Literarias,c1975. a431, [6] p. :bil. ;c23 cm.1 aValoración múltiple "Casa de las Américas" 4aNovela mexicana 4aLiteratura mexicana1 aRodríguez Coronel, Rogelio,epról. 0aValoración múltiple "Casa de las Américas"